000
00194 a2200097 4500
020
_a
9788408035268
041
_a
spa
100
_a
Juan Carlos Arce
245
_a
El matematico del rey
942
_c
K
999
_c
26637
_d
26637